000 00388nam a2200169Ia 4500
100 _aLewis/ G.
650 _aElectrical Engineering
250 _a1
942 _cRB
654 _aCommunication technology handbook
245 _aCommunication Technology Handbook
260 _bNewnes
_aBritain
_c1994
082 _a621.382
_bPAN
300 _a0 0
546 _aENGLISH
999 _c20963
_d20963